Effectif XV de France au Tournoi des Six Nations 2024 - Statistiques

Statistiques générales
  • Ce quiz a été pris 34 fois
  • Le résultat moyen est 25 sur 33
Statistiques - réponses
Poste Club Joueur Nrb de sélections Points % Correct
Pilier Cyril Baille 5 -
100%
Demi d'Ouverture Matthieu Jalibert 3 -
96%
Arrière Thomas Ramos 5 63
96%
Ailier Damian Penaud 5 5
93%
Centre Gaël Fickou 5 15
93%
Talonneur Julien Marchand 5 -
93%
Demi de Mêlée Maxime Lucu 5 5
89%
Talonneur Péato Mauvaka 5 -
89%
Arrière Léo Barré 2 5
85%
Ailier Louis Bielle-Biarrey 4 5
85%
Pilier Uini Atonio 5 -
85%
Centre Yoram Moefana 5 -
85%
Troisième Ligne Aile François Cros 5 -
81%
Pilier George-Henri Colombe 2 5
81%
Demi de Mêlée Nolann Le Garrec 5 10
81%
Troisième Ligne Aile Charles Ollivon 5 5
74%
Troisième Ligne Aile Paul Boudehent 5 -
74%
Deuxième Ligne Thibaud Flament 2 -
74%
Deuxième Ligne Alexandre Roumat 4 -
70%
Deuxième Ligne Cameron Woki 3 -
70%
Troisième Ligne Centre Grégory Alldritt 4 -
70%
Centre Jonathan Danty 3 -
70%
Ailier Matthis Lebel 1 -
70%
Pilier Dorian Aldegheri 3 -
67%
Deuxième Ligne Emmanuel Meafou 2 -
67%
Centre Nicolas Depoortère 2 -
67%
Deuxième Ligne Romain Taofifénua 3 5
63%
Pilier Sébastien Taofifénua 4 -
63%
Pilier Reda Wardi 1 -
59%
Deuxième Ligne Paul Willemse 1 -
56%
Deuxième Ligne Posolo Tuilagi 3 -
56%
Deuxième Ligne Paul Gabrillagues 2 5
48%
Troisième Ligne Aile Esteban Abadie 1 -
33%
Aucun quiz correspondant
Distribution des résultats
% des personnes avec chaque résultat
Percentile par nombre de réponses
Votre historique - résultats
Vous n’avez pas pris ce quiz